00349 a2200109 4500020001500000082001600015100002100031245009000052260004200142300003100184650002400215 a0471929565 a624.171 CRI aCrisfield, M. A. aNon Linear Finite Element Analysus of Solids and Structures [ vol 2]cM. A. Crisfield aEngland :bJohn Wiley and Sons,c1991 axv, 345p. :bill. ;c28 cm aStructural Analysis